000 01012nam a2200301 4500
001 2542
003 http://porbase.bnportugal.pt/ipac20/ipac.jsp?profile=bn&uri=full=3100024<U+007E>!2413759<U+007E>!0
010 _a9789895545759
021 _aPT
_b297234/09
035 _a(bn)1767176
090 _a2542
100 _a20110104d2009 m y0pory5003 ba
101 1 _ceng
105 _ay z 000fy
106 _ar
200 1 _aˆO ‰intérprete grego ;
_aˆO ‰ritual de Musgrave ;
_aˆO ‰escriturário da corretagem
_fArthur Conan Doyle
210 _a[S.l.
_cglobal
_dcop. 2009
_e[Amadora] :
_gTip. Peres)
215 _a72 p.
_d20 cm
225 2 _aSherlock Holmes.
_iMemórias de Sherlock Holmes III
_v12
517 1 _aˆO ‰intérprete grego
517 1 _aˆO ‰ritual de Musgrave
517 1 _aˆO ‰escriturário da corretagem
600 _aArthur Conan Doyle
601 _aglobal
675 _a821.111-34"18/19"
_vBN
_zpor
_3304012
700 1 _aDoyle,
_bArthur Conan,
_f1859-1930
801 0 _aPT
_bBN
_gRPC
942 _cBK